| 000 | 00745nas a2200241 4500 | ||
|---|---|---|---|
| 001 | BR6800149 | ||
| 003 | BR-BrBNA | ||
| 005 | 20231205082248.0 | ||
| 007 | ta | ||
| 008 | 230509b bl.|||p| |||| 00| 00por d | ||
| 040 |
_aBR-BrBNA _bpor _cBiblioteca Nacional de Agricultura |
||
| 041 | _a(Pt) | ||
| 072 | _aQ20 | ||
| 100 | 1 | _aFigueiredo, I. | |
| 245 | 1 | _aDosagem de gases no espaco livre em alimentos enlatados | |
| 650 | _aToxicologia de alimento | ||
| 650 | _aMicrobiologia de alimento | ||
| 650 | _aAlimento | ||
| 650 | _aEnlatado | ||
| 773 | 0 |
_tBoletim do Centro Tropical de Pesquisas e Tecnologia de Alimentos (Brazil) _x _g(Jun 1968), (no. 14) p. 31-36 _wBR6800149 |
|
| 909 |
_a202311 _bLúcia _c55 _dLúcia Elande |
||
| 942 |
_2AGRIS _n0 _cANA |
||
| 999 |
_c90405 _d90405 |
||